00334nam a22001097a 4500082001000000100001800010245011600028260001800144526001900162650001200181700003100193 aP-490 aAbdul Ghafoor aComparative Analyses of Low and High Density Polyethylene Modified Bituminous Mixes in PakistancHamza Bin Faiz aRisalpurbMCE a0b0c0dP_490 aProject aDr Muhammad Bilal Khurshid